| 000 | 00445nam a2200169 i 4500 | ||
|---|---|---|---|
| 001 | bg | ||
| 100 | 1 | _aRazowski, Aleksander. | |
| 245 | 0 |
_aPrzykłady do kursu budownictwa / _cAleksander Razowski, Marta Mirocka, K. Gervovich. |
|
| 250 | _aWyd.2. | ||
| 260 |
_aKraków, _c1972. |
||
| 700 | 1 | _aMirocka, Marta. | |
| 700 | 1 | _aGervovich, Kzazimierz. | |
| 040 | _cBPK | ||
| 041 | _apol | ||
| 942 | _cKS | ||
| 008 | s pl f |000 0 pol | ||
| 999 |
_c7489 _d7489 |
||
| 856 |
_uhttp://koha.tu.koszalin.pl/cgi-bin/koha/opac-detail.pl?biblionumber=7489 _yKatalog online BPK |
||